| 000 | 00459nab a2200145Ia 4500 | ||
|---|---|---|---|
| 003 | ES-SlBCS | ||
| 005 | 20210601134321.0 | ||
| 008 | 140529s1980-1981xu||||| |||| 00| 0 spa d | ||
| 041 | _aspa | ||
| 100 | 1 |
_aLlompart, José _9216712 |
|
| 245 | 0 | 0 |
_aLas Facultades de Derecho en el Japón _c José Llompart |
| 650 | 0 | 4 |
_aFacultades de Derecho _9216713 |
| 773 | 0 |
_tAnales de la Catedra Francisco Suarez _gnº. 20-21, 1980-1981, págs. 267-271 _wRev1020 |
|
| 942 | _cAR | ||
| 999 |
_c610865 _d610865 |
||